Microsoft Windows 7 Administrator's Reference /

Microsoft Windows 7 Administrators Reference covers various aspects of Windows 7 systems, including its general information as well as installation and upgrades. This reference explains how to deploy, use, and manage the operating system. The book is divided into 10 chapters. Chapter 1 introduces th...

Full description

Bibliographic Details
Main Author: Orchilles, Jorge (Author)
Corporate Author: Safari, an O'Reilly Media Company
Format: eBook
Language:English
Published: Syngress, 2010.
Edition:1st edition.
Subjects:
Online Access:Connect to this electronic resource

MARC

Tag First Indicator Second Indicator Subfields
LEADER 00000uam a2200000 a 4500
001 in00004251981
005 20260129163155.4
006 m o d
007 cr cn
008 060613s2010 xx o eng
020 |z 9781597495622 
020 |z 9781597495615 
035 |a (CaSebORM)9781597495615 
040 |d UtOrBLW 
041 0 |a eng 
100 1 |a Orchilles, Jorge,  |e author.  |0 http://id.loc.gov/authorities/names/n2010012341 
245 1 0 |a Microsoft Windows 7 Administrator's Reference /  |c Orchilles, Jorge. 
250 |a 1st edition. 
264 1 |b Syngress,  |c 2010. 
300 |a 1 online resource (672 pages) 
336 |a text  |b txt  |2 rdacontent 
337 |a computer  |b c  |2 rdamedia 
338 |a online resource  |b cr  |2 rdacarrier 
347 |a text file 
520 |a Microsoft Windows 7 Administrators Reference covers various aspects of Windows 7 systems, including its general information as well as installation and upgrades. This reference explains how to deploy, use, and manage the operating system. The book is divided into 10 chapters. Chapter 1 introduces the Windows 7 and the rationale of releasing this operating system. The next chapter discusses how an administrator can install and upgrade the old operating system from Windows Vista to Windows 7. The deployment of Windows 7 in an organization or other environment is then explained. It also provides the information needed to deploy Windows 7 easily and quickly for both the administrator and end users. Furthermore, the book provides the features of Windows 7 and the ways to manage it properly. The remaining chapters discuss how to secure Windows 7, as well as how to troubleshoot it. This book will serve as a reference and guide for those who want to utilize Windows 7. Covers Powershell V2, Bitlocker, and mobility issues Includes comprehensive details for configuration, deployment, and troubleshooting Consists of content written for system administrators by system administrators  
533 |a Electronic reproduction.  |b Boston, MA :  |c Safari,  |n Available via World Wide Web.  |d 2010. 
538 |a Mode of access: World Wide Web. 
542 |f Copyright Elsevier Science & Technology  |g 2010 
588 |a Online resource; Title from title page (viewed June 3, 2010) 
500 |a Electronic resource. 
655 7 |a Electronic books.  |2 local 
710 2 |a Safari, an O'Reilly Media Company. 
856 4 0 |u https://proxy.library.tamu.edu/login?url=https://go.oreilly.com/TAMU/library/view/-/9781597495615/?ar  |z Connect to this electronic resource  |t 0 
999 f f |s a2ca88a5-ec29-38a8-85cc-9eeed408297f  |i f14a5ebe-e64f-3c62-99c6-9b4d75fbf28c  |t 0 
952 f f |a Texas A&M University  |b College Station  |c Electronic Resources  |s www_evans  |d Available Online  |t 0  |h No information provided 
998 f f |t 0  |l Available Online